Liczba medali Letnich Igrzysk Paraolimpijskich 1960 - Statystyki

Ogólne statystyki
  • Ten quiz został rozwiązany 11 razy
  • Średni wynik to 6 z 10
Statystyki odpowiedzi
Medale Złoto Srebro Brąz Reprezentacja % Poprawnych
25 11 7 7 Stany Zjednoczone
100%
7 3 3 1 Francja
89%
10 3 6 1 Australia
67%
55 20 15 20 Wielka Brytania
67%
80 29 28 23 Włochy
67%
30 15 6 9 Zachodnie Niemcy
67%
16 9 3 4 Norwegia
56%
9 3 6 0 Holandia
44%
30 11 8 11 Austria
33%
6 2 3 1 Argentyna
22%
Nie znaleziono quizów pasujących do podanych kryteriów
Rozkład punktacji
Procent ludzi z każdym wynikiem
Percentyl według liczby udzielonych odpowiedzi
Twoja historia wyników
Nie rozwiązałeś tego quizu